Mathematical methods for engineer and physicists (Record no. 463)

MARC details
000 -LEADER
Fixed length control field 00473nam a2200169 4500
003 - CONTROL NUMBER IDENTIFIER
Control field SEACOMEC
005 - DATE AND TIME OF LATEST TRANSACTION
Control field 20240112123820.0
008 - FIXED-LENGTH DATA ELEMENTS--GENERAL INFORMATION
Fixed length control field 240112b |||||||| |||| 00| 0 eng d
020 ## - INTERNATIONAL STANDARD BOOK NUMBER / ISBN
Price Rs.395.00
040 ## - CATALOGING SOURCE
Original cataloging agency SEACOMEC
082 ## - DEWEY DECIMAL CLASSIFICATION NUMBER
Classification number 518.6
Book Number M453
100 ## - MAIN ENTRY--PERSONAL NAME
Personal name Mukhopadhayay,Asok kumar
245 1# - TITLE STATEMENT
Title Mathematical methods for engineer and physicists
Statement of responsibility Asok Kumar Mukhopadhyay
260 ## - IMPRINT
Place of publication New Delhi
Name of publisher Wheeler
Date of publication 1998
650 ## - SUBJECT ADDED ENTRY--TOPICAL TERM
Topical term mathematics,Numerical analysis
942 ## - ADDED ENTRY ELEMENTS (KOHA)
Koha item type Books
Holdings
Withdrawn status Lost status Source of classification Damaged status Not for loan Home library Current library Date acquired Total Checkouts Call number Accession number Date last seen Copy number Price effective from Koha item type
    Dewey Decimal Classification     SEACOM ENGINEERING COLLEGE SEACOM ENGINEERING COLLEGE 05/06/2006   518.6 M453 01561 12/01/2024 2 12/01/2024 Books
    Dewey Decimal Classification     SEACOM ENGINEERING COLLEGE SEACOM ENGINEERING COLLEGE 05/06/2006   518.6 M453 01562 12/01/2024 3 12/01/2024 Books
© Seacom Engineering College, All rights reserved.      Powered by Koha